Рука Дракулы; Деревня страха; Рассказы: пер. с англ.; Рука Дракулы; Деревня страха; Фритц Хааманн - "Вампир из Ганновера"; Башня летучей мыши; Выпей крови моей; Метель; Живой мертвец; Случай со священником; Вампир из "Кроглин-гранж"; Девушка с голодными глазами; Змея; Наследство пибоди; Матерь змей

Dades bibliogràfiques
Altres autors: Феногенов В. И. (иллюстратор)
Idioma:rus
Publicat: Москва, Фирма "Ф. Грег", 1992
TOC:Рука Дракулы;
Деревня страха;
М. Саммерс, Фритц Хааманн - "Вампир из Ганновера";
А. Дерлет, Башня летучей мыши;
Р. Матесон, Выпей крови моей;
С. Грендон, Метель;
Р. Блох, Живой мертвец;
С. Хорлер, Случай со священником;
Вампир из "Кроглин-гранж";
Ф. Лейбер, Девушка с голодными глазами;
Д. Уитли, Змея;
Г. П. Ловкрафт, Наследство пибоди;
Р. Блох, Матерь змей;
Matèries:
Format: Llibre
KOHA link:https://koha.lib.tpu.ru/cgi-bin/koha/opac-detail.pl?biblionumber=82842

MARC

LEADER 00000nam0a2200000 4500
001 82842
005 20231031095901.0
010 |a 5872020287 
020 |a RU  |b 92-25052 
035 |a (RuTPU)RU\TPU\book\89035 
090 |a 82842 
100 |a 20051007d1992 m y0rusy5003 ca 
101 1 |a rus  |c eng 
102 |a RU 
105 |a y z 000ay 
200 1 |a Рука Дракулы; Деревня страха; Рассказы  |e пер. с англ.  |f Худож. В. Феногенов] 
210 |a Москва  |c Фирма "Ф. Грег"  |d 1992 
215 |a 398,[2] с.  |d 21 см 
327 1 |a Содерж.: Рука Дракулы / Р. Лори. Деревня страха / М. Дженсон. Рассказы: Фритц Хаарманн - "Вампир из Ганновера" / М. Саммерс. Башня летучей мыши / А. Дерлет. Выпей крови моей / Р. Матесон. Метель / С. Грендон. Живой мертвец / Р. Блох. Случай со священником; Вампир из "Кроглин-Гранж" / С. Хорлер. Девушка с голодными глазами / Ф. Лейбер, и рассказы др. авт. 
464 |t Рука Дракулы 
464 |t Деревня страха 
464 |t Фритц Хааманн - "Вампир из Ганновера"  |f М. Саммерс 
464 |t Башня летучей мыши  |f А. Дерлет 
464 |t Выпей крови моей  |f Р. Матесон 
464 |t Метель  |f С. Грендон 
464 |t Живой мертвец  |f Р. Блох 
464 |t Случай со священником  |f С. Хорлер 
464 |t Вампир из "Кроглин-гранж"  |o история, рассказанная капитаном Фишером, в изложении Августа Харе 
464 |t Девушка с голодными глазами  |f Ф. Лейбер 
464 |t Змея  |f Д. Уитли 
464 |t Наследство пибоди  |f Г. П. Ловкрафт 
464 |t Матерь змей  |f Р. Блох  |a Лейбер, Фриц 
610 1 |a американская литература 
610 1 |a фантастика 
675 |a 82  |z rus  |v 3 
702 1 |a Феногенов  |b В. И.  |4 440 
801 0 |a RU  |b RuMRKP  |c 19950417  |g psbo 
801 1 |a RU  |b 63413507  |c 20051007  |g PSBO 
801 2 |a RU  |b 63413507  |c 20051007  |g PSBO 
942 |c BK